Účtovná závierka ako zdroj informácií pre finančnú analýzu diplomová práca

Gespeichert in:
Bibliographische Detailangaben
1. Verfasser: Rybka, Lukáš
Körperschaft: Fakulta hospodárskej informatiky EU. Katedra účtovníctva a audítorstva
Weitere Verfasser: Szászová, Renáta
Format: Buch
Sprache:Slowakisch
Veröffentlicht: Bratislava 2011
Tags: Tag hinzufügen
Keine Tags, Fügen Sie das erste Tag hinzu!

MARC

LEADER 00000nbm a2200000 4500
001 0140821
005 20161109101952.9
041 0 |a slo 
044 |a SK 
245 1 0 |a Účtovná závierka ako zdroj informácií pre finančnú analýzu  |b diplomová práca  |c Lukáš Rybka ; školiteľ: Renáta Szászová 
264 1 |a Bratislava  |c 2011 
300 |a 59 s. 
100 1 |a Rybka, Lukáš 
700 1 |a Szászová, Renáta 
710 2 |a Fakulta hospodárskej informatiky EU. Katedra účtovníctva a audítorstva